| 000 | 00656nam a2200205Ii 4500 | ||
|---|---|---|---|
| 003 | JO-AjNU | ||
| 008 | 230605s9999||||xx |||||||||||||| ||und|| | ||
| 017 | _a1955 | ||
| 040 |
_aJO-AjNU _bara _erda _cJO-AjNU |
||
| 041 | _aara | ||
| 050 | 1 | 4 | _aPN1707.M8 1955 |
| 100 | 3 |
_aتأليف محمد غنيمي،هلال, _eauthor _934873 |
|
| 245 | 0 | 0 | _aفي النقد المسرحي |
| 264 | 3 | 1 | _aالقاهرة: دار نهضة مصر للطبع والنشر، 1955 |
| 300 | _a181ص | ||
| 336 |
_atext _btxt _2rdacontent |
||
| 337 |
_aunmediated _bn _2rdamedia |
||
| 338 |
_avolume _bnc _2rdacarrier |
||
| 650 | 4 |
_a المسرح - تاريخ ونقد _934874 |
|
| 999 |
_aA14341 _c17909 _d17909 |
||